000 00713nam a22001937a 4500
005 20230905165006.0
010 _aHIN-125821
020 _c495.00
_a9780199470570
035 _aHN-98167
037 _bDBAD/PUB
082 _a954.052092
100 _aसीतापति, विनय
_955982
245 _aआधा शेर /
_bविनय सीतापति
260 _aNew Delhi
_boxford University press
_c2018
270 _a2/11 भूतल अंसारी रोड दरियागंज
_bन्यू दिल्ली
_e110002
300 _a403पृ.
_c22सेमी.(अजिल्द)
710 _955954
942 _2ddc
_cHN
_mसीताप
_h954.052092
999 _c197863
_d197863